La asamblea judicial como medida de excepción (Registro nro. 31856)

Detalles MARC
000 -LEADER
fixed length control field 00334 a2200109 4500
001 - CONTROL NUMBER
control field ART_50654
005 - DATE AND TIME OF LATEST TRANSACTION
control field 20260410162007.0
008 - FIXED-LENGTH DATA ELEMENTS--GENERAL INFORMATION
fixed length control field 260409a
100 1# - MAIN ENTRY--PERSONAL NAME
Personal name Martinat, Julieta
245 10 - TITLE STATEMENT
Title La asamblea judicial como medida de excepción
773 0# - HOST ITEM ENTRY
Title Temas de derecho civil
Related parts - Año 6, N° 2 (feb. 2020)
Record control number REV34778

No hay ítems disponibles.